000 00781nam a2200241 a 4500
001 63264
003 BD-RjUL
005 20211209081157.0
008 170129s1971 bg ||||| |||| 00| 0 ben d
020 _c: Tk. 8.00
035 _a(BD-RjUL)63393
040 _aBD-RjUL
_bben
_cBD-RjUL
041 _aben
082 _223
_a336.24
_bNUA 1971
100 _aনুরুন্নবি, এম.
_9135152
245 1 0 _aআয়কর আইন = Income-tax law /
_cএম. নুরুন্নবি
250 _a১ম সং.
260 _aরাজশাহী :
_bবেগম গুলশান আরা,
_c১৯৭১
300 _avi, ৩১৪ পৃ.;
_c১৯ সেমি
650 _aআয়কর
_9118704
650 _aIncome tax
_9135153
942 _2ddc
_cBK
999 _c63264
_d63264